| 000 | 00521nam a2200217Ia 4500 | ||
|---|---|---|---|
| 005 | 20250425162658.0 | ||
| 008 | 250425s9999 xx 000 0 und d | ||
| 020 | _a9718709274 | ||
| 041 | _aeng | ||
| 043 | _aph | ||
| 082 | _a594.11 | ||
| 100 | _aGERVIS, M H | ||
| 245 | 0 | _aTHE BIOLOGY AND CULTURE OF PEARL OYSTERS (BIVALVIA: PTERIIDAE) | |
| 250 | _aS.E | ||
| 260 |
_aFilipinas _bICLARM _c1992 |
||
| 300 | _a49 | ||
| 650 | _aMOLUSCOS BIVALVE | ||
| 650 | _aMOLUSCOS-CULTIVO | ||
| 942 | _c01 | ||
| 010 | _a96190 | ||
| 999 |
_c234187 _d234187 |
||